Directory of authorities and principal organizations related to the building industry
Saved in:
| Format: | Book |
|---|---|
| Language: | English |
| Published: |
New York
United Nations
1968
|
| Tags: |
No Tags, Be the first to tag this record!
|
MARC
| LEADER | 00000nam a2200000 4500 | ||
|---|---|---|---|
| 001 | c121976 | ||
| 005 | 20041019155223.9 | ||
| 041 | 0 | |a eng | |
| 044 | |a US | ||
| 245 | 1 | 0 | |a Directory of authorities and principal organizations related to the building industry |
| 264 | 1 | |a New York |b United Nations |c 1968 | |
| 300 | |a 77 s. | ||